NRL Warriors season 2024 players - Statistics

General Stats
  • This quiz has been taken 13 times
  • The average score is 15 of 31
Answer Stats
Matches Answer % Correct
Chanel Harris-Tavita
88%
16 Shaun Johnson
88%
14 Adam Pompey
75%
23 Addin Fonua-Blake
75%
22 Dallin Watene-Zelezniak
75%
7 Luke Metcalf
75%
Tohu Harris
75%
6 Ali Leiataua
63%
9 Bunty Afoa
63%
19 Marcelo Montoya
63%
12 Rocco Berry
63%
17 Charnze Nicoll-Klokstad
50%
Jackson Ford
50%
Jacob Laban
50%
Jazz Tevaga
50%
Mitchell Barnett
50%
18 Roger Tuivasa-Sheck
50%
Te Maire Martin
50%
15 Tom Ale
50%
20 Wayde Egan
50%
5 Edward Kosi
38%
Freddy Lussick
38%
Marata Niukore
38%
Dylan Walker
25%
Kurt Capewell
25%
Leka Halasima
25%
4 Demitric Sifakula
13%
3 Moala Graham-Taufa
13%
Paul Roache
13%
Taine Tuaupiki
13%
1 Zyon Maiu'u
13%
No matching quizzes found
Score Distribution
Percent of People with Each Score
Percentile by Number Answered
Your Score History
You have not taken this quiz